Normal view
MARC view
- Scouts and Scouting.
Entry Topical Term
001 - CONTROL NUMBER
- control field: 47504
003 - CONTROL NUMBER IDENTIFIER
- control field: OSt
005 - DATE AND TIME OF LATEST TRANSACTION
- control field: 20230126160616.0
008 - FIXED-LENGTH DATA ELEMENTS
- fixed length control field: 230126|| aca||aabn | a|a d
040 ## - CATALOGING SOURCE
- Original cataloging agency: OSt
- Transcribing agency: OSt
150 ## - HEADING--TOPICAL TERM
- Topical term or geographic name entry element: Scouts and Scouting.
670 ## - SOURCE DATA FOUND
- Source citation: Work cat.: (OSt): Saquing, Judelly Urbi author. 47503, Scouting celebration :, October 2017.
